The division of labor by sector and by sex in a developing economy : the case of Ciudad Guayana, Venezuela /

Bibliographic Details
Main Author: Rakowski, Cathy A.
Format: Thesis Microform Book
Language:English
Published: [Place of publication not identified] : [publisher not identified] ; 1984.
Subjects:

MARC

Tag First Indicator Second Indicator Subfields
LEADER 00000cam a2200000 a 4500
001 in00000011472
005 20151007052054.0
007 he amb|||||||
008 880419r19851984miuab bb 00010 eng d
035 |a (OCoLC)17809908 
035 |9 AAA6154AM 
040 |a TXA  |c TXA  |d UtOrBLW 
043 |a s-ve--- 
049 |a TXAI 
099 |a fiche  |a C  |a 9595 
100 1 |a Rakowski, Cathy A. 
245 1 4 |a The division of labor by sector and by sex in a developing economy :  |b the case of Ciudad Guayana, Venezuela /  |c [Cathy Anne Rakowski]. 
264 1 |a [Place of publication not identified] :  |b [publisher not identified] ;  |c 1984. 
300 |a xxvii, 387 leaves :  |b illustrations, maps. 
336 |a text  |b txt  |2 rdacontent 
337 |a microform  |b h  |2 rdamedia 
338 |a microfiche  |b he  |2 rdacarrier 
502 |b Ph. D.  |c University of Texas at Austin  |d 1984. 
500 |a Vita. 
504 |a Bibliography: leaves 350-387. 
533 |a Microfiche.  |b Ann Arbor, Mich. :  |c University Microfilms International,  |d 1985.  |e 5 microfiches ; 11 x 15 cm. 
500 |a Microform. 
650 0 |a Division of labor. 
650 0 |a Women  |x Employment  |z Venezuela  |z Ciudad Guayana. 
651 0 |a Ciudad Guayana (Venezuela)  |x Economic conditions. 
651 0 |a Ciudad Guayana (Venezuela)  |x Social conditions. 
999 |a MARS 
999 f f |s e826f881-450f-3e6e-aff3-bc8150041162  |i 8ede66ad-a5b1-3d3a-9cc2-3695bdd1c75a  |t 0 
952 f f |p normal  |a Texas A&M University  |b College Station  |c Sterling C. Evans Library  |d Evans: Microforms (3rd floor)  |t 0  |e fiche C 9595  |h Other scheme  |i microform -- microfiche  |m A14823245464 
998 f f |a fiche C 9595  |t 0  |l Evans: Microforms (3rd floor)